Представление документа в формате MARC21

Поле Инд. ПП Название Значение
Тип записи a
Библиографический уровень a
001 Контрольный номер 2d6c6cd57f0d403488d20948b2c08d4f
005 Дата корректировки 20240319153920.1
040 a Служба первич. каталог. НБ ТвГУ
b Код языка каталог. rus
e Правила каталог. PSBO
041 0_ a Код языка текста rus
097 b Оператор Komarova.ES
100 1_ a Автор Гафнер Юрий Яковлевич
q Полное имя Гафнер Ю. Я.
245 10 a Заглавие Анализ абсорбционных процессов на поверхности нанокомпактированного газового сенсора
260 a Место издания Тверь
b Издательство Тверской государственный университет
504 a Библиография Библиогр.: с. 401 (15 назв.)
520 0_ a Аннотация Хорошо известно, что абсорбция газа полупроводниковой поверхностью приводит к изменению ее электрической проводимости. Это явление стало основой для технического производства различных газочувствительных сенсоров. Вблизи поверхности частицы из-за абсорбции и последующей ионизации молекул кислорода образуется поверхностная зона, обедненная свободными носителями заряда. Толщина этой зоны сопоставима с Дебаевской длиной и зависит от давления кислорода на поверхность частицы. В зависимости от размера частиц и степени их соединения, между ними могут быть или проводящие контакты, или контакты типа барьера Шоттки. Все это приводит к различному виду взаимосвязи между проводимостью и концентрацией определяемого газа. Так как основой чувствительности являются химические реакции между поверхностью твердого тела и газовыми молекулами, то наиболее востребованными являются материалы с большим соотношением поверхности к объему и с большой степенью пористости, т.е. наночастицы. В представленной работе рассмотрены основные возможные механизмы абсорбции газовых молекул компактированными наночастицами и проведен их анализ.
653 0_ a Ключевые слова Наночастицы
a Ключевые слова Абсорбция
a Ключевые слова Полупроводники
a Ключевые слова Нанокомпактированный материал
a Ключевые слова Газовые сенсоры
a Ключевые слова Моделирование
700 12 a Другие авторы Рыжкова Дарья Антоновна
q Полное имя Рыжкова Д. А.
773 18 w Контрольный № источника 3de2680f60bd46b1bd796c3bdd210329
t Название источника Физико-химические аспекты изучения кластеров, наноструктур и наноматериалов
d Место и дата издания Тверь : Тверской государственный университет, 2023
g Прочая информация Вып. 15. - С. 395-403
856 40 u URL http://texts.lib.tversu.ru/texts/153605t.pdf
x Примечание для ЭОР Справка РИУ 2023
x Примечание для ЭОР Реестр суммарного учета сетевых локальных документов
i Дата подключения ЭОР 20240319
901 t Тип документа a
920 a Оператор Кома
954 b Дата поступления в ОК 20240222